Nyaya Theory of Knowledge. (Record no. 4717)
[ view plain ]
| 000 -LEADER | |
|---|---|
| fixed length control field | 00619nam a2200241 a 4500 |
| 020 ## - INTERNATIONAL STANDARD BOOK NUMBER | |
| ISBN | |
| 082 00 - DEWEY DECIMAL CLASSIFICATION NUMBER | |
| Classification number | 181.4 |
| Author Cutter | CHA |
| 100 ## - MAIN ENTRY--AUTHOR NAME | |
| Author name | Chatterjee, Satishchandra |
| 245 ## - TITLE STATEMENT | |
| Title | Nyaya Theory of Knowledge. |
| 260 ## - PUBLICATION, DISTRIBUTION, ETC. (IMPRINT) | |
| Place of publication | Culcatta |
| Name of publisher | University of Calcutta |
| Year of publication | 1950 |
| 300 ## - PHYSICAL DESCRIPTION | |
| Number of Pages | 384p |
| 500 ## - GENERAL NOTE | |
| General note | includes index and biblioraphy |
| 505 2# - FORMATTED CONTENTS NOTE | |
| Formatted contents note | World Christian Book No.3 |
| 650 ## - SUBJECT ADDED ENTRY--TOPICAL TERM | |
| Topical Term | Epistemology-Hindu |
| 942 ## - ADDED ENTRY ELEMENTS (KOHA) | |
| Koha item type | Books |
| 700 1# - | |
| -- | Chatterjee, Satishchandra |
| Home library | Current library | Date acquired | Cost, normal purchase price | Full call number | Accession Number | Koha item type |
|---|---|---|---|---|---|---|
| Henry Martyn Institute Library | Henry Martyn Institute Library | 05/24/2005 | 0.00 | 181.4 CHA | 5734 | E-Books |
